| 000 | 00494nam a2200169 i 4500 | ||
|---|---|---|---|
| 001 | 89995 | ||
| 003 | ES-MaACL | ||
| 005 | 20230906180324.0 | ||
| 007 | t| | ||
| 008 | 050117s1971 sp ||||1| spa d | ||
| 100 | 1 |
_aLee, J. E. _971181 |
|
| 245 | 1 | 0 |
_aVendedores al detall / _cJ.E. Lee ; [traducción de Alberto Pintado Fé]. |
| 260 |
_a[Salamanca] : _bAnaya, _c[1971] |
||
| 300 |
_a182 p. : _bil. ; _c18 cm. |
||
| 700 | 1 |
_aPintado Fé, Alberto. _992207 |
|
| 852 |
_aES-MaACL _jC-42019 _bR.78859 |
||
| 999 |
_c89995 _d89995 |
||